Southville International School and Colleges
Your cart is empty.
  • Cart
  • Lists
    Public lists Eva Luna New books Lux_list list_1
    Your lists Log in to create your own lists
  • Log in to your account
  • Your cookies
  • Search history
Southville International School and Colleges
  • Advanced search
  • Recent comments
  • Most popular
  • Libraries

Log in to your account

Log in with GOOGLE


If you do not have an external account, but do have a local account, you can still log in:

  1. Home
  2. MARC view: The red pyramid /
Normal view MARC view ISBD view

The red pyramid / (Record no. 286458)

[ view plain ]
MARC details
000 -LEADER
fixed length control field 01327cam a2200349 a 4500
001 - CONTROL NUMBER
control field 16598350
003 - CONTROL NUMBER IDENTIFIER
control field PILC
005 - DATE AND TIME OF LATEST TRANSACTION
control field 20150610150500.0
008 - FIXED-LENGTH DATA ELEMENTS--GENERAL INFORMATION
fixed length control field 110104s2010 nyua c 000 1 eng
010 ## - LIBRARY OF CONGRESS CONTROL NUMBER
LC control number 2010549563
020 ## - INTERNATIONAL STANDARD BOOK NUMBER
International Standard Book Number 9781423113386
040 ## - CATALOGING SOURCE
Original cataloging agency DLC
Transcribing agency DLC
Modifying agency DLC
042 ## - AUTHENTICATION CODE
Authentication code lcac
050 00 - LIBRARY OF CONGRESS CALL NUMBER
Classification number PZ7.R4829
Item number Re 2010
082 00 - DEWEY DECIMAL CLASSIFICATION NUMBER
Classification number [Fic]
100 1# - MAIN ENTRY--PERSONAL NAME
Personal name Riordan, Rick.
245 14 - TITLE STATEMENT
Title The red pyramid /
Statement of responsibility, etc Rick Riordan.
250 ## - EDITION STATEMENT
Edition statement 1st ed.
260 ## - PUBLICATION, DISTRIBUTION, ETC. (IMPRINT)
Place of publication, distribution, etc New York :
Name of publisher, distributor, etc Disney/Hyperion,
Date of publication, distribution, etc c2010.
300 ## - PHYSICAL DESCRIPTION
Extent 516 p. :
Other physical details ill. ;
Dimensions 22 cm.
490 0# - SERIES STATEMENT
Series statement The Kane chronicles ;
Volume number/sequential designation bk. 1
520 ## - SUMMARY, ETC.
Summary, etc Brilliant Egyptologist Dr. Julius Kane accidentally unleashes the Egyptian god Set, who banishes the doctor to oblivion and forces his two children to embark on a dangerous journey, bringing them closer to the truth about their family and its links to a secret order that has existed since the time of the pharoahs.
650 #1 - SUBJECT ADDED ENTRY--TOPICAL TERM
Topical term or geographic name as entry element Adventure and adventurers
Form subdivision Fiction.
650 #1 - SUBJECT ADDED ENTRY--TOPICAL TERM
Topical term or geographic name as entry element Voyages and travels
Form subdivision Fiction.
650 #1 - SUBJECT ADDED ENTRY--TOPICAL TERM
Topical term or geographic name as entry element Mythology, Egyptian
Form subdivision Fiction.
650 #1 - SUBJECT ADDED ENTRY--TOPICAL TERM
Topical term or geographic name as entry element Magic
Form subdivision Fiction.
650 #1 - SUBJECT ADDED ENTRY--TOPICAL TERM
Topical term or geographic name as entry element Brothers and sisters
Form subdivision Fiction.
650 #1 - SUBJECT ADDED ENTRY--TOPICAL TERM
Topical term or geographic name as entry element Secrets
Form subdivision Fiction.
906 ## - LOCAL DATA ELEMENT F, LDF (RLIN)
a 7
b cbc
c orignew
d 2
e ncip
f 20
g y-gencatlg
942 ## - ADDED ENTRY ELEMENTS (KOHA)
Source of classification or shelving scheme Library of Congress Classification
Koha item type Books

No items available.

The red pyramid /

APA

Riordan R., . (2010). The red pyramid. New York: Disney/Hyperion.

Chicago

Riordan Rick, . 2010. The red pyramid. New York: Disney/Hyperion.

Harvard

Riordan R., . (2010). The red pyramid. New York: Disney/Hyperion.

MLA

Riordan Rick, . The red pyramid. New York: Disney/Hyperion. 2010.

  • Print
  • Cite
  • Add to your cart (remove)
  • Save record
    BIBTEX Dublin Core MARCXML MARC (non-Unicode/MARC-8) MARC (Unicode/UTF-8) MARC (Unicode/UTF-8, Standard) MODS (XML) RIS
  • More searches
    Search for this title in:
    Other Libraries (WorldCat) Other Databases (Google Scholar) Online Stores (Bookfinder.com) Open Library (openlibrary.org)

Exporting to Dublin Core...

SOUTHVILLE LIBRARY

Southville International School and Colleges Library

1281 Tropical Ave. Cor. Luxembourg St., BF Homes International, Las Pinas City

Tel. No. 8256374 / 252358 Loc. 117/146

Powered by Koha